000 01319cam a22003011i 4500
003 SA-RiAUC
005 20250818060039.0
008 250801s1982 su g b 000r0 ara c
040 _aSA-JeALM
_bara
_cSA-RiAUC
_erda
082 0 4 _a241
_qSA-RiAUC
090 _a241
_bم ع ط
100 1 _aمعطي، رضا بن نعسان
_eمؤلف.
245 1 0 _aعلاقة الإثبات والتفويض بصفات رب العالمين /
_cتأليف رضا بن نعسان معطى.
246 0 _aعلاقة الإثبات والتفويض بصفات رب العالمين
250 _aالطبعة الأولى.
264 1 _aالرياض :
_bالرئاسة العامة لإدارات البحوث العلمية والإفتاء والدعوة والإرشاد،
_c1981
264 3 _aمكة المكرمة :
_bمطابع التراث
300 _a138 صفحة ؛
_c14 × 20 سم
336 _aنص
_btxt
_2rdacontent
_3كتاب
337 _aبدون وسيط
_bn
_2rdamedia
338 _aمجلد
_bnc
_2rdacarrier
504 _aببليوجرافية : صفحة 130-134.
650 7 _aالصفات (علم الكلام)
_2aucsh
650 7 _aالإلهيات (علم الكلام)
_2aucsh
650 7 _aالأسماء الحسنى
_2aucsh
942 _2ddc
_cBOOK
_n0
949 _aSA-JeALM
_d250801
_umohamedma123
_n1
999 _c10912
_d10912